00349nam a2200145Ia 4500008004100000020001400041041001200055082001600067100001900083245003200102250000900134260003700143300000800180650001500188221030s9999 xx 000 0 und d a817808581 aEnglish a105.23bHom aJ. C. V. Horne 0aFinancial Management Policy a12th bPearson EducationaDelhic2004 a814 aManagement